000 00235 a2200097 4500
001 39808
100 _aSmith C J
245 _aGeneral Properties of Matter
260 _aCalcutta
_bRadha Publishing House
_c1985
090 _c24813
_d24813
942 _aNUST-CAE
_cM
_c16462
999 _c274881
_d274881